El estilo clásico: Haydn, Mozart, Beethoven

Gardado en:
Detalles Bibliográficos
Autor Principal: Rosen, Charles (Author)
Formato: Libro
Idioma:Lingua castelá
Publicado: Madrid Alianza 1986
Series:Colección Alianza Música, 29
Subjects:
Tags: Engadir etiqueta
Sen Etiquetas, Sexa o primeiro en etiquetar este rexistro!

MARC

LEADER 00000nam a2200000 a 4500
001 UCT5634
003 CL-VaPUC
005 20240628151637.0
008 961216e19860000SP |||||||||||||||||spa|d
999 |c 254524  |d 254522 
020 |a 8420685291 
040 |c Pontificia Universidad Católica de Valparaíso 
082 0 4 |a 780.903 ROS 1986  |2 21 
100 0 |a Rosen, Charles  |e author  |9 375248 
245 1 3 |a El estilo clásico: Haydn, Mozart, Beethoven 
260 |a Madrid  |b Alianza  |c 1986 
300 |a 534 p 
490 0 |a Colección Alianza Música, 29 
583 |a last modification  |c 19961216 00:00:00  |k Rodrigo Vera 
600 0 |a Haydn, Franz Joseph  |9 306580  |d 1732-1809 
600 0 |a Mozart, Wolfgang Amadeus  |d 1756-1791  |9 869087 
600 0 |a Beethoven, Ludwig van  |d 1770​-1827  |e compositor  |9 306286 
650 0 |a Lenguaje musical  |9 375249 
650 0 |a Clasicismo en la música  |2 CL-VaPUC  |9 458291 
650 0 |a Sinfonías  |9 353494 
650 0 |a Conciertos  |9 306377 
942 |c BK  |2 ddc 
945 |d 19961216 00:00:00  |a nastorga 
952 |0 0  |1 0  |4 0  |6 780_903000000000000_ROS_1986  |7 0  |8 A  |9 276240  |a BIBEDU  |b BIBEDU  |d 2019-11-19  |i 4122453  |l 5  |m 2  |o 780.903 ROS 1986  |p 4122453  |r 2024-10-28  |s 2024-10-21  |w 2019-11-19  |y BK  |k MUS